000 00609nmm a2200181Ia 4500
008 251105s9999||||xx |||||||||||||||||und||
020 _a9788418223594
041 _aspa
100 _aSuárez Girard, Elsa
245 0 _aRelaciones :
_b Identifica qué es un «no» y cómo acercarte a tu «sí» para construir vínculos sanos
264 _a[Madrid, España] :
_bKōan Libros,
_c[Fecha de publicación no identificada]
300 _a0 páginas
650 _aFamily
700 _aSuárez Girard, Elsa
700 1 _a Roura, Elma
856 _uhttps://public.digitaliapublishing.com/a/124267
942 _cCF
999 _c71807
_d71807